000 00391nam a2200169Ia 4500
001 7944
003 IN-NITTTR
005 20251114233033.0
008 251113s9999||||xx |||||||||||||| ||eng||
040 _beng
040 _cIN-NITTTR
041 _aeng
082 _a692 C625C
100 _aClough, Richard H.
245 0 _aConstruction contracting /
_cClough, Richard H.
942 _2ddc
_cBK
999 _c10582
_d10582